На острие ножа (Запись № 12431359)

Подробности
000 -МАРКЕР
контрольное поле 02768nam0a2200349 4500
001 - ИДЕНТИФИКАТОР ЗАПИСИ
контрольное поле RU\NLR\BIBL_A\012852355
005 - ИДЕНТИФИКАТОР ВЕРСИИ
контрольное поле 20220912161635.0
010 ## - МЕЖДУНАРОДНЫЙ СТАНДАРТНЫЙ НОМЕР КНИГИ (ISBN)
Номер (ISBN) 978-5-17-134409-2
Тираж 3000
021 ## - НОМЕР ГОСУДАРСТВЕННОЙ РЕГИСТРАЦИИ
Код страны Российская Федерация
Номер КН-П-22-029935
Номер Листа государственной регистраци КН-П-22-2553
035 ## - ДРУГИЕ СИСТЕМНЫЕ НОМЕРА
Идентификатор записи (NLR Aleph) 012852355
035 ## - ДРУГИЕ СИСТЕМНЫЕ НОМЕРА
Идентификатор записи (RuMoRGB)011066818
100 ## - ДАННЫЕ ОБЩЕЙ ОБРАБОТКИ
Данные общей обработки 20220722d2022 u y0rusy50 ca
101 1# - ЯЗЫК РЕСУРСА
Язык текста, звукозаписи и т.д. русский
Язык оригинала английский
102 ## - СТРАНА ПУБЛИКАЦИИ ИЛИ ПРОИЗВОДСТВА
Страна публикации Российская Федерация
105 ## - ПОЛЕ КОДИРОВАННЫХ ДАННЫХ: ТЕКСТОВЫЕ МАТЕРИАЛЫ, МОНОГРАФИЧЕСКИЕ
Кодированные данные о монографическом текстовом документе y|||z||||||a|
181 #1 - ПОЛЕ КОДИРОВАННЫХ ДАННЫХ: ВИД СОДЕРЖАНИЯ
Код вида содержания (ISBD) i
Код характеристики содержания (ISBD) axxe
182 #1 - ПОЛЕ КОДИРОВАННЫХ ДАННЫХ: ТИП СРЕДСТВА
Код типа средства (ISBD) n - непосредственное
200 1# - ЗАГЛАВИЕ И СВЕДЕНИЯ ОБ ОТВЕТСТВЕННОСТИ
Основное заглавие На острие ножа
Сведения, относящиеся к заглавию [роман]
Первые сведения об ответственности Саймон Майо
Последующие сведения об ответственности перевод с английского А. Ерыкалина
203 ## - ВИД СОДЕРЖАНИЯ И ТИП СРЕДСТВА
Вид содержания Текст
Дополнительные сведения об издании визуальный
Тип средства непосредственный
210 ## - ПУБЛИКАЦИЯ, РАСПРОСТРАНЕНИЕ И ДР.
Место издания, распространения и т.д. Москва
Имя издателя, распространителя и т. д. АСТ
Дата издания, распространения и т.д. 2022
215 ## - ФИЗИЧЕСКАЯ ХАРАКТЕРИСТИКА
Специфическое обозначение материала и объем 351 с.
Размеры 21
225 1# - СЕРИЯ
Основное заглавие серии Серия "Neoclassic: Триллер"
330 ## - РЕЗЮМЕ ИЛИ РЕФЕРАТ
Текст примечания Лондонский час пик становится смертельным для семи пассажиров: женщина зарезана на рыночной площади у вокзала Юстон, мужчине нанесен смертельный удар на ступенях метро, а другого поджидали на пороге дома... Всего семь человек. Семь убийств. Для Фэйми Мэдлен - опытной журналистки агентства "АйПиСи" - эта страшная новость могла бы стать главным информационным поводом дня и захватывающей работой. Но все меняется, когда она понимает, что объединяет жертв. Каждого из них она знала лично. Эти люди - ее коллеги, журналисты из отдела расследований. Никто не может даже предположить, почему они стали мишенью для нападения. Над чем они работали, что их ждала такая страшная смерть? Странно и то, что на их столах и в их компьютерах не осталось никаких подсказок. Вскоре Фэйми начинает получать загадочные сообщения, и ей предстоит выяснить, предупреждают ли ее о следующем нападении
333 ## - ПРИМЕЧАНИЯ ОБ ОСОБЕННОСТЯХ РАСПРОСТРАНЕНИЯ И ИСПОЛЬЗОВАНИЯ
Текст примечания 16+
686 1# - ИНДЕКСЫ ДРУГИХ КЛАССИФИКАЦИЙ
Индекс Ш6(4Вл)67-446{Лх1299-60}
700 #1 - ИМЯ ЛИЦА - ПЕРВИЧНАЯ ОТВЕТСТВЕННОСТЬ
Графика поля Кириллица
Материалы, к которым относится поле rus
Начальный элемент ввода Майо
Часть имени, кроме начального элемента ввода С.
Даты 1958-
Расширение инициалов личного имени Саймон
Системный номер авторитетной/нормативной записи 246241
Идентификатор авторитетной/нормативной записи RU\NLR\AUTH\770246297
942 ## - ДОПОЛНИТЕЛЬНЫЕ ЭЛЕМЕНТЫ ЗАПИСИ (АБИС)
Тип экземпляра АБИС Книга
980 ## - КОЛЛЕКЦИЯ
Название коллекции Национальная библиография
Экземпляры
Тип экземпляра Дата поступления Источник поступления Библиотека постоянного хранения Библиотека текущего хранения Место хранения Шифр хранения Штрих-код Статус экземпляра
Книга 22.07.2022 Обязательный экземпляр РНБ (Московский) РНБ (Московский) Русский книжный фонд: издания с 1957 года 2022-3/19853 1-3899973  
Книга 22.07.2022 Обязательный экземпляр РНБ (Московский) РНБ (Московский) Русский книжный фонд: издания с 1957 года 2022-3/19853 1-3899974